00372nam a22001217a 4500999001900000020001500019100001700034245004900051260002700100300001100127942000700138952010500145 c260600d260599 a0439198992 aBarbara Park aJunie B. Jones and the Mushy Gushy Valentime aNew York bScholastic  a69 pgs cBK 001040708FICa40404b40404cCHILDd2023-09-08l0pCL20211013r2023-09-08 00:00:00w2023-09-08yBK